000 01292cam a22002294a 4500
005 20250605164232.0
008 250528s ||||||||||||||||||||||||d
035 _a20995
020 _a9780070700345
040 _aGR-AtMCL
_bgre
_dGR-AtMCL
_eAACR2
245 1 _aFluid Mechanics / Fundamentals and Applications (in SI Units): Second Edition
250 _a2nd
260 _bMc Graw Hill Education,
_c2013
300 _a984
520 _aThis book presents numerous and diverse real-world engineering examples to give students a feel of how fluid mechanics is applied in engineering practice. Includes Student Resources DVD. Introduction and Basic Concepts, Properties of Fluids, Pressure and Fluid Statics, Fluid Kinematics, Mass Bernoulli and Energy Equations, Momentum of Flow Systems, Dimensional Analysis and Modeling, Internal Flow, Differential Analysis of Fluid Flow, Approximate Solutions of the Navier-Stokes Equation, External Flow: Drag and Lift, Compressible Flow, Open-Channel Flow, Turbomachinery, Introduction to Computational Fluid Dynamics, Appendices, Property Tables and Charts, Glossary, Index.
700 1 _aCengel Yunus A
_95739
700 1 _aCimbala John M
_96766
700 1 _aKanoglu Mehmet
_97012
942 _cBK
999 _c6072
_d6072